[Event "Wch Blitz 7th"]
[Site "Khanty-Mansiysk"]
[Date "2013.06.10"]
[Round "25"]
[White "Akbaev, Kazbek"]
[Black "Gordievsky, Dmitry"]
[Result "0-1"]
[WhiteElo "2475"]
[BlackElo "2474"]
[PlyCount "64"]
[EventDate "2013.06.09"]
[EventType "swiss (blitz)"]
[EventRounds "30"]
[EventCountry "RUS"]
[SourceTitle "CBM 154 Extra"]
[Source "ChessBase"]
[SourceDate "2013.06.25"]
[SourceVersion "2"]
[SourceVersionDate "2013.06.25"]
[SourceQuality "1"]

1. f4 b6 2. Nf3 Bb7 3. e3 g6 4. d4 Bg7 5. Bd3 Nf6 6. Nbd2 0-0 7. 0-0 d6 8. c3 Nbd7 9. h3 c5 10. Qe2 Qc7 11. e4 cxd4 12. cxd4 e5 13. fxe5 dxe5 14. d5 Nh5 15. Qf2 Nc5 16. Bb1 Ba6 17. Re1 Nf4 18. Nb3 Ncd3 19. Bxd3 Nxd3 20. Qf1 Nxe1 21. Qxa6 Nxf3+ 22. gxf3 f5 23. Qd3 fxe4 24. fxe4 Qd7 25. Bd2 a5 26. Rc1 a4 27. Na1 Rac8 28. Re1 Rf7 29. Bb4 Bf8 30. Bc3 Bc5+ 31. Kh1 Rcf8 32. Nc2 Rf3 0-1

[Event "Wch Blitz 7th"]
[Site "Khanty-Mansiysk"]
[Date "2013.06.10"]
[Round "17"]
[White "Akbaev, Kazbek"]
[Black "Kabanov, Nikolai"]
[Result "0-1"]
[WhiteElo "2475"]
[BlackElo "2472"]
[PlyCount "96"]
[EventDate "2013.06.09"]
[EventType "swiss (blitz)"]
[EventRounds "30"]
[EventCountry "RUS"]
[SourceTitle "CBM 154 Extra"]
[Source "ChessBase"]
[SourceDate "2013.06.25"]
[SourceVersion "2"]
[SourceVersionDate "2013.06.25"]
[SourceQuality "1"]

1. Nf3 g6 2. d4 Bg7 3. c4 d6 4. Bf4 Nc6 5. Nc3 Bg4 6. d5 Bxf3 7. exf3 Nd4 8. Bd3 c5 9. dxc6 bxc6 10. 0-0 Rb8 11. Qd2 Nf6 12. Rab1 0-0 13. Rfe1 e5 14. Bg5 Qc7 15. f4 h6 16. Bxf6 Bxf6 17. fxe5 Bxe5 18. Qxh6 Rfe8 19. Ne4 Bg7 20. Qh3 Ne6 21. b3 d5 22. Nd2 Nf4 23. Qf3 Nxd3 24. Qxd3 dxc4 25. Nxc4 c5 26. g3 Bd4 27. Re4 Qc6 28. Rbe1 Rxe4 29. Qxe4 Qf6 30. Re2 Kg7 31. h4 Rd8 32. Nd2 Bc3 33. Nf3 Rd1+ 34. Kg2 Ra1 35. Ng5 Bd4 36. Qf3 Qxf3+ 37. Kxf3 Rf1 38. Kg2 Ra1 39. Re7 Rxa2 40. Rxf7+ Kg8 41. Rxa7 Rxa7 42. Kf3 Rb7 43. Ke4 Rxb3 44. f4 Rxg3 45. Ne6 Bf2 46. f5 gxf5+ 47. Kxf5 c4 48. Kf4 c3 0-1

[Event "Wch Blitz 7th"]
[Site "Khanty-Mansiysk"]
[Date "2013.06.10"]
[Round "26"]
[White "Gordievsky, Dmitry"]
[Black "Akbaev, Kazbek"]
[Result "1-0"]
[WhiteElo "2474"]
[BlackElo "2475"]
[PlyCount "99"]
[EventDate "2013.06.09"]
[EventType "swiss (blitz)"]
[EventRounds "30"]
[EventCountry "RUS"]
[SourceTitle "CBM 154 Extra"]
[Source "ChessBase"]
[SourceDate "2013.06.25"]
[SourceVersion "2"]
[SourceVersionDate "2013.06.25"]
[SourceQuality "1"]

1. b3 e6 2. Bb2 Nf6 3. g3 d5 4. Bg2 Bd6 5. e3 c5 6. Ne2 Nc6 7. 0-0 0-0 8. d3 a5 9. a4 e5 10. Nbc3 Be6 11. Qd2 d4 12. Nb5 Bb8 13. exd4 cxd4 14. Rae1 Bd5 15. f3 h6 16. Kh1 Bd6 17. c4 Bb4 18. Qc1 Be6 19. Rd1 Qd7 20. Ba3 Rac8 21. Bxb4 Nxb4 22. Qd2 Bf5 23. Nc1 Bh3 24. Rde1 Bxg2+ 25. Kxg2 e4 26. dxe4 Rfd8 27. Nd3 Nxd3 28. Qxd3 Nh7 29. Rd1 Ng5 30. f4 Qh3+ 31. Kg1 Ne6 32. Qf3 Rc5 33. e5 d3 34. Rxd3 Rxd3 35. Qxd3 Rc8 36. Nd6 Rd8 37. Qe4 h5 38. Qxb7 Rf8 39. Qg2 Qg4 40. h3 Qg6 41. f5 Qh6 42. fxe6 Qe3+ 43. Kh1 Qxe5 44. exf7+ Kh8 45. Qd5 Qe2 46. Qf3 Qe5 47. Ne4 g6 48. Qf6+ Qxf6 49. Rxf6 Kg7 50. Rf1 1-0

[Event "Wch Blitz 7th"]
[Site "Khanty-Mansiysk"]
[Date "2013.06.09"]
[Round "9"]
[White "Akbaev, Kazbek"]
[Black "Potapov, Pavel"]
[Result "1/2-1/2"]
[WhiteElo "2475"]
[BlackElo "2460"]
[PlyCount "34"]
[EventDate "2013.06.09"]
[EventType "swiss (blitz)"]
[EventRounds "30"]
[EventCountry "RUS"]
[SourceTitle "CBM 154 Extra"]
[Source "ChessBase"]
[SourceDate "2013.06.25"]
[SourceVersion "2"]
[SourceVersionDate "2013.06.25"]
[SourceQuality "1"]

1. Nf3 d5 2. c4 Nf6 3. b3 e6 4. Bb2 c6 5. d3 Nbd7 6. Nbd2 Be7 7. g3 0-0 8. Bg2 b6 9. 0-0 Bb7 10. Qc2 Rc8 11. h3 c5 12. e4 dxe4 13. dxe4 Qc7 14. Rfe1 e5 15. Nf1 Rfe8 16. N3d2 Nf8 17. Ne3 Rcd8 1/2-1/2

[Event "Wch Blitz 7th"]
[Site "Khanty-Mansiysk"]
[Date "2013.06.09"]
[Round "10"]
[White "Potapov, Pavel"]
[Black "Akbaev, Kazbek"]
[Result "1-0"]
[WhiteElo "2460"]
[BlackElo "2475"]
[PlyCount "45"]
[EventDate "2013.06.09"]
[EventType "swiss (blitz)"]
[EventRounds "30"]
[EventCountry "RUS"]
[SourceTitle "CBM 154 Extra"]
[Source "ChessBase"]
[SourceDate "2013.06.25"]
[SourceVersion "2"]
[SourceVersionDate "2013.06.25"]
[SourceQuality "1"]

1. e4 e6 2. d4 d5 3. e5 c5 4. c3 f5 5. exf6 Nxf6 6. Nf3 Nc6 7. Be2 Bd6 8. 0-0 0-0 9. Re1 c4 10. Nbd2 Ne4 11. Nxe4 dxe4 12. Nd2 Bf4 13. Nxe4 Bxh2+ 14. Kxh2 Qh4+ 15. Kg1 Qxe4 16. Bxc4 Qh4 17. Qc2 Na5 18. Bd3 Bd7 19. Re3 h6 20. Rh3 Qf6 21. Rg3 Be8 22. Be3 Rc8 23. b3 1-0

[Event "Wch Rapid"]
[Site "Khanty-Mansiysk"]
[Date "2013.06.08"]
[Round "15"]
[White "Al Sayed, Mohammed"]
[Black "Akbaev, Kazbek"]
[Result "0-1"]
[WhiteElo "2498"]
[BlackElo "2475"]
[PlyCount "114"]
[EventDate "2013.06.06"]
[EventType "swiss (rapid)"]
[EventRounds "15"]
[EventCountry "RUS"]
[SourceTitle "CBM 154 Extra"]
[Source "ChessBase"]
[SourceDate "2013.06.25"]
[SourceVersion "2"]
[SourceVersionDate "2013.06.25"]
[SourceQuality "1"]

1. d4 Nf6 2. Nf3 c5 3. c3 cxd4 4. cxd4 d5 5. Nc3 Nc6 6. Bf4 Bf5 7. e3 e6 8. Qb3 Qb6 9. Qxb6 axb6 10. Bb5 Bb4 11. 0-0 0-0 12. Rfc1 Rfc8 13. Na4 Nd7 14. a3 Be7 15. b4 f6 16. Nc3 Bg4 17. h3 Bh5 18. g4 Bf7 19. Kg2 g5 20. Bg3 h5 21. Nd2 f5 22. gxf5 exf5 23. Nf3 h4 24. Bh2 g4 25. Ne1 Nf6 26. Na4 Bd8 27. Nd3 Ne4 28. Bf4 Kh7 29. Ra2 Bh5 30. Rac2 gxh3+ 31. Kxh3 Ra7 32. Kg2 Bf6 33. Kh2 Rg8 34. Ne5 Bxe5 35. dxe5 Bf3 36. Rg1 Rxg1 37. Kxg1 Ra8 38. Nxb6 Rxa3 39. Rc1 Ra2 40. Nxd5 Nxf2 41. Nf6+ Kg6 42. Bf1 Ng4 43. Nd7 Nxb4 44. e6 Nd5 45. Ne5+ Nxe5 46. Bxe5 Ra8 47. Bb5 Kh5 48. Kf2 Be4 49. Be2+ Kh6 50. Rg1 Re8 51. Rg7 Rxe6 52. Bd4 Rg6 53. Rxb7 h3 54. Rb8 Rg2+ 55. Kf1 h2 56. Rh8+ Kg6 57. Bh5+ Kg5 0-1

[Event "Wch Rapid"]
[Site "Khanty-Mansiysk"]
[Date "2013.06.07"]
[Round "6"]
[White "Nadanian, Ashot S"]
[Black "Akbaev, Kazbek"]
[Result "1-0"]
[WhiteElo "2428"]
[BlackElo "2475"]
[PlyCount "77"]
[EventDate "2013.06.06"]
[EventType "swiss (rapid)"]
[EventRounds "15"]
[EventCountry "RUS"]
[SourceTitle "CBM 154 Extra"]
[Source "ChessBase"]
[SourceDate "2013.06.25"]
[SourceVersion "2"]
[SourceVersionDate "2013.06.25"]
[SourceQuality "1"]

1. b4 e6 2. Bb2 d5 3. Nf3 f5 4. e3 Nf6 5. b5 c5 6. c4 Be7 7. a4 a5 8. Be2 0-0 9. 0-0 b6 10. d4 Bb7 11. Nbd2 Nbd7 12. Ng5 Qb8 13. Nxe6 Re8 14. cxd5 Bxd5 15. Nf4 Bb7 16. Nf3 Bd6 17. Qb3+ Kh8 18. Ng5 Re7 19. Nf7+ Rxf7 20. Qxf7 Bxf4 21. exf4 Bd5 22. Qe7 Qxf4 23. dxc5 Re8 24. Bxf6 Rxe7 25. Bxe7 Qe5 26. Rad1 Qxe7 27. Rxd5 Nxc5 28. Rfd1 h6 29. Bh5 Kh7 30. Rd6 Ne6 31. Rxb6 Nf4 32. Bf3 h5 33. Rbd6 h4 34. h3 Ng6 35. b6 Ne5 36. Ba8 f4 37. Be4+ g6 38. b7 Qc7 39. Rd8 1-0

[Event "Wch Rapid"]
[Site "Khanty-Mansiysk"]
[Date "2013.06.07"]
[Round "10"]
[White "Pasiev, Rakhim"]
[Black "Akbaev, Kazbek"]
[Result "1-0"]
[WhiteElo "2384"]
[BlackElo "2475"]
[PlyCount "85"]
[EventDate "2013.06.06"]
[EventType "swiss (rapid)"]
[EventRounds "15"]
[EventCountry "RUS"]
[SourceTitle "CBM 154 Extra"]
[Source "ChessBase"]
[SourceDate "2013.06.25"]
[SourceVersion "2"]
[SourceVersionDate "2013.06.25"]
[SourceQuality "1"]

1. e4 e6 2. d4 d5 3. Nc3 c6 4. Be3 f5 5. exf5 exf5 6. Qd2 Nf6 7. f3 Bb4 8. Bd3 0-0 9. Nge2 Re8 10. 0-0-0 Na6 11. Kb1 Nc7 12. h3 Ne4 13. fxe4 fxe4 14. Bg5 Qd7 15. Nc1 exd3 16. Nxd3 Bd6 17. Bf4 Ne6 18. Ne5 Bxe5 19. Bxe5 b5 20. g4 a5 21. Ne2 b4 22. Ng3 c5 23. dxc5 Nxc5 24. Rhe1 Bb7 25. Nf5 Ne6 26. Nd6 Red8 27. Rf1 Rf8 28. Nf5 Ba6 29. Rf2 Rad8 30. Qe3 d4 31. Bxd4 Nxd4 32. Rxd4 Qb7 33. b3 a4 34. bxa4 Rde8 35. Qg5 Qa7 36. Rfd2 Qc7 37. Rd7 Re1+ 38. Rd1 Rxd1+ 39. Rxd1 Qc3 40. Nh6+ Kh8 41. Qe7 Qc8 42. Nf5 Rg8 43. Nd6 1-0

[Event "Wch Rapid"]
[Site "Khanty-Mansiysk"]
[Date "2013.06.06"]
[Round "3"]
[White "Akbaev, Kazbek"]
[Black "Kabanov, Nikolai"]
[Result "0-1"]
[WhiteElo "2475"]
[BlackElo "2472"]
[PlyCount "118"]
[EventDate "2013.06.06"]
[EventType "swiss (rapid)"]
[EventRounds "15"]
[EventCountry "RUS"]
[SourceTitle "CBM 154 Extra"]
[Source "ChessBase"]
[SourceDate "2013.06.25"]
[SourceVersion "2"]
[SourceVersionDate "2013.06.25"]
[SourceQuality "1"]

1. d4 g6 2. Nf3 Bg7 3. h3 Nf6 4. Bf4 0-0 5. e3 c5 6. c3 d6 7. Be2 Nbd7 8. Na3 a6 9. 0-0 b5 10. Nc2 Bb7 11. a4 Bc6 12. a5 Rc8 13. c4 Bxf3 14. Bxf3 cxd4 15. cxb5 e5 16. Bg5 axb5 17. exd4 Qc7 18. Nb4 e4 19. Be2 Ra8 20. a6 Qb6 21. Be3 d5 22. Qb3 Qd6 23. Rfc1 Nb6 24. Rc6 Qb8 25. Bxb5 Nc8 26. Be2 Ne7 27. Rc5 Ra7 28. Rb5 Qd6 29. Rb7 Rfa8 30. Rc1 Bf8 31. g3 Nf5 32. Rc6 Qd8 33. Qc3 Nxe3 34. fxe3 Kg7 35. g4 Rxb7 36. axb7 Rb8 37. Rc8 Qd6 38. Rxb8 Qxb8 39. Nc6 Qxb7 40. Ne5 Bd6 41. Kf2 Qe7 42. b4 Bxb4 43. Qc8 Bd6 44. Nc6 Qd7 45. Qxd7 Nxd7 46. Bd1 Kf6 47. Bb3 Nb6 48. Nd8 Ke7 49. Nb7 Bb4 50. Nc5 Bxc5 51. dxc5 Nd7 52. Bxd5 Nxc5 53. Kg3 g5 54. Kf2 Kd6 55. Ke2 h6 56. Kd2 Nd3 57. Bc4 Ne5 58. Ba6 Ng6 59. Bc4 Nf8 0-1

[Event "Wch Rapid"]
[Site "Khanty-Mansiysk"]
[Date "2013.06.06"]
[Round "5"]
[White "Akbaev, Kazbek"]
[Black "Skatchkov, Pavel"]
[Result "1/2-1/2"]
[WhiteElo "2475"]
[BlackElo "2486"]
[PlyCount "94"]
[EventDate "2013.06.06"]
[EventType "swiss (rapid)"]
[EventRounds "15"]
[EventCountry "RUS"]
[SourceTitle "CBM 154 Extra"]
[Source "ChessBase"]
[SourceDate "2013.06.25"]
[SourceVersion "2"]
[SourceVersionDate "2013.06.25"]
[SourceQuality "1"]

1. f4 e5 2. e3 exf4 3. exf4 Nf6 4. Nf3 d5 5. d4 Bd6 6. Bd3 0-0 7. 0-0 Nc6 8. c3 Ne7 9. Qc2 Ng6 10. Ne5 c5 11. Be3 c4 12. Be2 Ne4 13. Bxc4 dxc4 14. Qxe4 Re8 15. Qf3 Nh4 16. Qe2 Nf5 17. Bf2 Be6 18. Qf3 f6 19. Ng4 Qa5 20. Ne3 Nxe3 21. Bxe3 Bd5 22. Qg3 Qb5 23. Qf2 Re7 24. Na3 Bxa3 25. bxa3 Rae8 26. Rae1 Qa5 27. Bd2 Qxa3 28. Rxe7 Rxe7 29. Re1 Rxe1+ 30. Qxe1 Kf7 31. Qb1 Qa4 32. Kf2 g6 33. g4 Qd7 34. Kg3 Bc6 35. Qe1 Qd5 36. Qe2 b5 37. Bc1 Qh1 38. Ba3 Be4 39. Qf2 Qd1 40. d5 Qxd5 41. Qxa7+ Qb7 42. Qc5 Qd7 43. Qf8+ Ke6 44. Qg8+ Qf7 45. Qb8 Qd7 46. Qg8+ Qf7 47. Qc8+ Qd7 1/2-1/2

[Event "Nalchik SKFO-ch"]
[Site "Nalchik"]
[Date "2013.03.18"]
[Round "5"]
[White "Akbaev, Kazbek"]
[Black "Satuev, Emin"]
[Result "1-0"]
[WhiteElo "2490"]
[BlackElo "2034"]
[PlyCount "132"]
[EventDate "2013.03.13"]
[EventType "swiss"]
[EventRounds "9"]
[EventCountry "RUS"]
[SourceTitle "CBM 153 Extra"]
[Source "ChessBase"]
[SourceDate "2013.04.22"]
[SourceVersion "1"]
[SourceVersionDate "2013.04.22"]
[SourceQuality "1"]

1. Nf3 d5 2. c4 c6 3. b3 e6 4. Bb2 Nf6 5. d3 Bb4+ 6. Nbd2 0-0 7. a3 Bd6 8. g3 Nbd7 9. Bg2 e5 10. 0-0 Re8 11. Qc2 Nf8 12. e4 d4 13. c5 Bc7 14. Nc4 Bg4 15. h3 Bd7 16. a4 Qe7 17. Ba3 Ng6 18. Nd6 Bxd6 19. cxd6 Qd8 20. Nd2 a5 21. b4 axb4 22. Bxb4 b6 23. Nc4 c5 24. Bd2 Be6 25. Bg5 Bxc4 26. Qxc4 Qxd6 27. f4 h6 28. Bxf6 Qxf6 29. f5 Nf8 30. Qb5 Qd6 31. Bf3 Nd7 32. h4 Ra5 33. Qb2 Rea8 34. g4 Qf6 35. Qf2 Rxa4 36. Rxa4 Rxa4 37. Qg3 g5 38. fxg6 Qxg6 39. g5 hxg5 40. h5 Qg7 41. Bg4 Nf8 42. Qh3 Qh6 43. Bd7 Ra7 44. Be8 g4 45. Qh4 Qe3+ 46. Kh1 Qh3+ 47. Qxh3 gxh3 48. Rf6 Re7 49. Bb5 Re6 50. Rf5 Kg7 51. Kh2 f6 52. Kxh3 Re7 53. Rf1 Ra7 54. Kg4 Ra2 55. h6+ Kxh6 56. Rxf6+ Kg7 57. Rxb6 Rb2 58. Kf5 Rb3 59. Rb7+ Kh6 60. Kxe5 Ng6+ 61. Kd5 Rc3 62. Bc4 Kg5 63. Kxc5 Kf6 64. Kxd4 Ra3 65. e5+ Nxe5 66. Rb6+ Kf5 1-0

[Event "Nalchik SKFO-ch"]
[Site "Nalchik"]
[Date "2013.03.17"]
[Round "4"]
[White "Edilsultanova, Zalina"]
[Black "Akbaev, Kazbek"]
[Result "0-1"]
[WhiteElo "1906"]
[BlackElo "2490"]
[PlyCount "54"]
[EventDate "2013.03.13"]
[EventType "swiss"]
[EventRounds "9"]
[EventCountry "RUS"]
[SourceTitle "CBM 153 Extra"]
[Source "ChessBase"]
[SourceDate "2013.04.22"]
[SourceVersion "1"]
[SourceVersionDate "2013.04.22"]
[SourceQuality "1"]

1. e4 e6 2. d4 f5 3. exf5 exf5 4. Bd3 d5 5. Nf3 Nf6 6. 0-0 Bd6 7. Re1+ Ne4 8. c4 c6 9. cxd5 cxd5 10. Qb3 Be7 11. Bb5+ Nc6 12. Ne5 Bd7 13. Qxd5 Nxe5 14. dxe5 Bxb5 15. Qxb5+ Qd7 16. Qb3 Nc5 17. Qf3 Rd8 18. Nc3 0-0 19. Be3 Nd3 20. Red1 b6 21. e6 Qxe6 22. Qe2 Nb4 23. a3 Nc6 24. f3 Bf6 25. Rac1 Rxd1+ 26. Rxd1 Bxc3 27. bxc3 f4 0-1

[Event "Nalchik SKFO-ch"]
[Site "Nalchik"]
[Date "2013.03.15"]
[Round "2"]
[White "Temirkanov, David"]
[Black "Akbaev, Kazbek"]
[Result "0-1"]
[WhiteElo "2297"]
[BlackElo "2490"]
[PlyCount "79"]
[EventDate "2013.03.13"]
[EventType "swiss"]
[EventRounds "9"]
[EventCountry "RUS"]
[SourceTitle "CBM 153 Extra"]
[Source "ChessBase"]
[SourceDate "2013.04.22"]
[SourceVersion "1"]
[SourceVersionDate "2013.04.22"]
[SourceQuality "1"]

1. e4 e6 2. d4 d5 3. Nc3 c6 4. Nf3 f5 5. exf5 exf5 6. Bd3 Nf6 7. 0-0 Bd6 8. Bg5 0-0 9. Re1 h6 10. Bxf6 Qxf6 11. Ne5 Nd7 12. f4 Qd8 13. Ng6 Rf7 14. Ne5 Rf8 15. Ng6 Rf7 16. Ne5 Rf6 17. Qh5 Nf8 18. Ne2 Be6 19. c3 Kh7 20. Ng3 Bxe5 21. Rxe5 g6 22. Qe2 Qd6 23. h4 h5 24. Re1 Kg7 25. Nf1 Bf7 26. Ne3 Ne6 27. Qf2 Kf8 28. Qg3 Ng7 29. Qg5 Re6 30. Bxf5 gxf5 31. Nxf5 Nxf5 32. Qxf5 Rxe5 33. fxe5 Qe6 34. Qh7 Ke7 35. Qd3 Rg8 36. Rf1 Bg6 37. Qe3 Be4 38. Rf2 Kd7 39. Kh2 Qg4 40. g3 0-1

[Event "Marsel IM"]
[Site "Dombaj"]
[Date "2011.07.??"]
[Round "1"]
[White "Yushinov, Nikolay"]
[Black "Akbaev, Kazbek"]
[Result "0-1"]
[WhiteElo "2162"]
[BlackElo "2450"]
[PlyCount "68"]
[EventDate "2011.07.23"]
[EventType "swiss"]
[EventRounds "8"]
[EventCountry "RUS"]
[SourceTitle "EXT 2022"]
[Source "ChessBase"]
[SourceDate "2021.10.06"]
[SourceVersion "1"]
[SourceVersionDate "2021.10.06"]
[SourceQuality "1"]

1. e4 e5 2. Nf3 Nc6 3. d4 exd4 4. Nxd4 Nf6 5. Nxc6 bxc6 6. e5 Qe7 7. Qe2 Nd5 8. c4 Nb6 9. b3 Bb7 10. Bb2 0-0-0 11. Nc3 d6 12. 0-0-0 Qxe5 13. Qxe5 dxe5 14. Rxd8+ Kxd8 15. Be2 Nd7 16. Rd1 Ke8 17. Bg4 Nf6 18. Bf3 Bd6 19. Na4 e4 20. Re1 Kf8 21. Bd1 h5 22. h3 c5 23. Bc2 Rh6 24. Kd1 h4 25. Ba3 Rh5 26. Nc3 Rg5 27. Nxe4 Nxe4 28. Bxe4 Bxe4 29. Rxe4 Rxg2 30. Ke2 g5 31. Re3 Rg1 32. Rd3 Ra1 33. Rd2 g4 34. hxg4 h3 0-1

[Event "Azov Don Cup"]
[Site "Azov"]
[Date "2010.07.16"]
[Round "5"]
[White "Kornyukov, Alexey"]
[Black "Akbaev, Kazbek"]
[Result "1-0"]
[WhiteElo "2452"]
[BlackElo "2485"]
[PlyCount "109"]
[EventDate "2010.07.13"]
[EventType "tourn"]
[EventRounds "11"]
[EventCountry "RUS"]
[EventCategory "6"]
[SourceTitle "EXT 2011"]
[Source "ChessBase"]
[SourceDate "2010.11.26"]
[SourceVersion "1"]
[SourceVersionDate "2010.11.26"]
[SourceQuality "1"]

1. d4 Nf6 2. Nf3 g6 3. Nc3 d5 4. h3 Ne4 5. e3 Nxc3 6. bxc3 Bg7 7. Be2 0-0 8. 0-0 Nd7 9. c4 dxc4 10. Bxc4 c5 11. Qe2 Nb6 12. Bb3 Qc7 13. c3 c4 14. Bc2 Nd5 15. Bd2 Bd7 16. Rab1 b6 17. e4 Nf4 18. Bxf4 Qxf4 19. e5 Be6 20. Be4 Rac8 21. a4 Rc7 22. a5 bxa5 23. g3 Qh6 24. h4 Bd7 25. Ng5 a4 26. Rb7 Rxb7 27. Bxb7 a6 28. Ra1 Bb5 29. Bd5 e6 30. Bxc4 Bxc4 31. Qxc4 Qh5 32. Kg2 h6 33. Ne4 Qg4 34. f3 Qh5 35. Rxa4 g5 36. hxg5 hxg5 37. Qe2 Rb8 38. Rxa6 Rb1 39. Ra8+ Kh7 40. Nf2 Qg6 41. Qd2 Kh6 42. c4 Rb3 43. c5 Qf5 44. Qd1 Rb1 45. g4 Rxd1 46. gxf5 Rxd4 47. f6 Rc4 48. fxg7 Kxg7 49. Ne4 Kg6 50. Rg8+ Kh7 51. Nf6+ Kh6 52. Ng4+ Kh7 53. Rc8 Kg6 54. c6 Rc3 55. c7 1-0